Statistics for Every NBA Player with multiple MVPs

Click here to take the quiz!

General Stats

  • This quiz has been taken 559 times
    (517 since last reset)
  • The average score is 13 of 15

Answer Stats

TeamMVP'sPlayer% Correct
CHI5Michael Jordan
99%
MIA, CLE4LeBron James
98%
LAL, MIL6Kareem Abdul-Jabbar
97%
GSW2Steph Curry
97%
BOS3Larry Bird
96%
MIL2Giannis Antetokounmpo
94%
DEN2Nikola Jokic
92%
SAS2Tim Duncan
90%
BOS5Bill Russell
89%
LAL3Magic Johnson
88%
UTA3Karl Malone
86%
HOU, PHI3Moses Malone
84%
PHI4Wilt Chamberlain
81%
PHO2Steve Nash
79%
ATL2Bob Pettit
55%

Score Distribution

Percentile by Number Answered

Percent of People with Each Score

Your Score History

You have not taken this quiz since the last reset